Chemical and Biological Studies on Zingiber Zerumbet / (Record no. 83589)
[ view plain ]
| 000 -LEADER | |
|---|---|
| fixed length control field | 01007nam a2200253 a 4500 |
| 001 - CONTROL NUMBER | |
| RUCL Control Number | 83589 |
| 003 - CONTROL NUMBER IDENTIFIER | |
| rucl marc code | BD-RjUL |
| 005 - DATE AND TIME OF LATEST TRANSACTION | |
| control field | 20240425113348.0 |
| 008 - FIXED-LENGTH DATA ELEMENTS--GENERAL INFORMATION | |
| fixed length control field | 240425s2009 bg a|||| m||| 00| 0 eng d |
| 035 ## - SYSTEM CONTROL NUMBER | |
| system control number | (BD-RjUL)83589 |
| 040 ## - CATALOGING SOURCE | |
| Original cataloging agency | BD-RjUL |
| Language of cataloging | eng |
| Transcribing agency | BD-RjUL |
| Modifying agency | BD-RjUL |
| 041 ## - LANGUAGE CODE | |
| Language code of Book | eng |
| 082 ## - DEWEY DECIMAL CLASSIFICATION NUMBER | |
| DDC Edition number | 23 |
| Classification number | 572.5 |
| Author mark and Year | KAC 2009 |
| 100 ## - MAIN ENTRY--PERSONAL NAME | |
| Personal name | Kader, Md. Golam |
| 9 (RLIN) | 12724 |
| 245 10 - TITLE STATEMENT | |
| Title | Chemical and Biological Studies on Zingiber Zerumbet / |
| Statement of responsibility, etc | By Md. Golam Kader ; |
| Name of Supervisor/Co-Supervisor | Supervisor : Tanzima Yeasmin, Supervisor : Farjana Nikkon |
| 260 ## - PUBLICATION, DISTRIBUTION, ETC. (IMPRINT) | |
| Place of publication, distribution, etc | Rajshahi : |
| Name of publisher, distributor, etc | Department of Biochemistry and Molecular Biology, University of Rajshahi, |
| Date of publication, distribution, etc | 2009 |
| 300 ## - PHYSICAL DESCRIPTION | |
| Pagination | xii, 146 Leaves : |
| Other physical details | ill, ; |
| Dimensions | 29 cm. |
| 502 ## - DISSERTATION NOTE | |
| Dissertation note | Thesis (Ph. D.) -- Department of Biochemistry and Molecular Biology, University of Rajshahi, 2009 |
| 504 ## - BIBLIOGRAPHY, ETC. NOTE | |
| Bibliography, etc | References : Leaves 137-146 |
| 650 ## - SUBJECT ADDED ENTRY--TOPICAL TERM | |
| Topical term or geographic name as entry element | Biochemistry |
| Form subdivision | Miscellaneous Chemicals |
| 9 (RLIN) | 12725 |
| 700 ## - ADDED ENTRY--SUPERVISOR/CO-SUPERVISOR NAME | |
| Personal name | Yeasmin, Tanzima, Supervisor |
| 9 (RLIN) | 7096 |
| Personal name | Nikkon, Farjana, Supervisor |
| 9 (RLIN) | 12726 |
| 942 ## - ADDED ENTRY ELEMENTS (KOHA) | |
| Source of classification or shelving scheme | Dewey Decimal Classification |
| Koha item type | Theses |
| Source of classification or shelving scheme | Damaged status | Not for loan | Collection code | Permanent Location | Current Location | Shelving location | Date of accession | Source of acquisition | Total Checkouts | Full call number | Barcode | Date last seen | Copy number | Thesis |
|---|---|---|---|---|---|---|---|---|---|---|---|---|---|---|
| Dewey Decimal Classification | Not For Loan | Theses | Central Library, University of Rajshahi | Central Library, University of Rajshahi | Documentation Section | 09/11/2010 | Controller of Exam. R. U. | THE 572.5 KAC 2009 | D3157 | 25/04/2024 | C-I | Theses |